[Event "Uxbridge A2Bmedialtd.com-D"]
[Site "Uxbridge"]
[Date "2009.08.14"]
[Round "4"]
[White "Hughes, Roy"]
[Black "Kingston, Ian"]
[Result "0-1"]
[WhiteElo "2021"]
[BlackElo "2036"]
[PlyCount "130"]
[EventDate "2009.08.12"]
[EventType "tourn"]
[EventRounds "9"]
[EventCountry "ENG"]
[SourceTitle "EXT 2012"]
[Source "ChessBase"]
[SourceDate "2011.11.24"]
[SourceVersion "1"]
[SourceVersionDate "2011.11.24"]
[SourceQuality "1"]

1. e4 e5 2. Nf3 Nc6 3. Bb5 a6 4. Ba4 Nf6 5. d3 b5 6. Bb3 Bc5 7. c3 0-0 8. Bg5 h6 9. Bh4 d6 10. Nbd2 Be6 11. Bc2 d5 12. Qe2 d4 13. Nb3 Be7 14. 0-0 a5 15. Bg3 Bg4 16. h3 Bxf3 17. Qxf3 a4 18. Nd2 a3 19. c4 axb2 20. Rab1 Bb4 21. cxb5 Bxd2 22. bxc6 Bc3 23. Bb3 Qd6 24. Qf5 Ra5 25. f4 exf4 26. Qxf4 Qxc6 27. Qxc7 Qxc7 28. Bxc7 Ra6 29. Bg3 Nd7 30. Rf3 Rf6 31. Rxf6 Nxf6 32. Bd6 Ra8 33. Kf2 Ra6 34. e5 Ne8 35. Bc4 Ra5 36. Be7 Ra7 37. Bd8 Nc7 38. Kf3 Nb5 39. Bb6 Ra4 40. Bc5 Na3 41. Bxa3 Rxa3 42. Ke4 Ra7 43. Kf5 Kf8 44. g4 Ke7 45. Ke4 Rb7 46. a4 Rb4 47. a5 Ra4 48. Bb3 Rxa5 49. Bc2 Ra1 50. Kd5 f6 51. exf6+ Kxf6 52. h4 h5 53. Ke4 hxg4 54. Kf4 g3 55. Kxg3 Kf5 56. Kf3 Rxb1 57. Bxb1 Be1 58. Ke2 Bxh4 59. Kd1 Bg5 60. Kc2 Bc1 61. Ba2 Kf4 62. Bd5 g5 63. Be4 g4 64. Bb7 Ke3 65. Be4 Kf2 0-1

[Event "Uxbridge A2Bmedialtd.com-D"]
[Site "Uxbridge"]
[Date "2009.08.14"]
[Round "5"]
[White "Kingston, Ian"]
[Black "Jain, Akash"]
[Result "1-0"]
[WhiteElo "2036"]
[BlackElo "2012"]
[PlyCount "59"]
[EventDate "2009.08.12"]
[EventType "tourn"]
[EventRounds "9"]
[EventCountry "ENG"]
[SourceTitle "EXT 2012"]
[Source "ChessBase"]
[SourceDate "2011.11.24"]
[SourceVersion "1"]
[SourceVersionDate "2011.11.24"]
[SourceQuality "1"]

1. e4 c6 2. d4 d5 3. Nd2 dxe4 4. Nxe4 Bf5 5. Ng3 Bg6 6. N1e2 e6 7. h4 h6 8. Nf4 Bh7 9. Bc4 Nf6 10. 0-0 Nd5 11. Bxd5 cxd5 12. Qh5 Qf6 13. Re1 Kd7 14. Nxd5 exd5 15. Qxd5+ Kc7 16. Re8 Nd7 17. Rxa8 Nb6 18. Qa5 Bb4 19. Qxb4 Rxa8 20. Qc5+ Kd7 21. Qb5+ Ke7 22. Qc5+ Kd7 23. Bd2 Rc8 24. Qb5+ Kc7 25. Nh5 Qxh4 26. Bf4+ Kd8 27. Re1 Rc6 28. Qe5 Re6 29. Qc7+ Ke8 30. Nxg7+ 1-0

[Event "Uxbridge A2Bmedialtd.com-D"]
[Site "Uxbridge"]
[Date "2009.08.13"]
[Round "3"]
[White "Kingston, Ian"]
[Black "Muheim, Sebastian"]
[Result "1/2-1/2"]
[WhiteElo "2036"]
[BlackElo "2035"]
[PlyCount "70"]
[EventDate "2009.08.12"]
[EventType "tourn"]
[EventRounds "9"]
[EventCountry "ENG"]
[SourceTitle "EXT 2012"]
[Source "ChessBase"]
[SourceDate "2011.11.24"]
[SourceVersion "1"]
[SourceVersionDate "2011.11.24"]
[SourceQuality "1"]

1. e4 c5 2. d4 cxd4 3. c3 Nf6 4. e5 Nd5 5. Nf3 e6 6. Bc4 d6 7. Bxd5 exd5 8. 0-0 dxe5 9. Nxe5 Bd6 10. Qxd4 Nc6 11. Nxc6 bxc6 12. Qxg7 Rf8 13. Re1+ Be6 14. Bg5 Qc7 15. h4 Kd7 16. Qf6 Rae8 17. Nd2 Rg8 18. c4 Rg6 19. Qc3 Reg8 20. cxd5 Bxd5 21. Ne4 h6 22. Nf6+ Rxf6 23. Qxf6 hxg5 24. Rad1 Kc8 25. h5 Kb7 26. h6 Rg6 27. Qf5 Rxh6 28. Rxd5 cxd5 29. Qxd5+ Kb6 30. Qb3+ Ka5 31. Qd5+ Ka6 32. Qd3+ Kb7 33. Qd5+ Qc6 34. Qxf7+ Bc7 35. Qb3+ Qb6 1/2-1/2

[Event "BCF-chT3 0809 (4NCL)"]
[Site "Hinckley Island"]
[Date "2009.02.08"]
[Round "6.4"]
[White "Kingston, Ian"]
[Black "Meade, Philip J"]
[Result "0-1"]
[WhiteElo "2023"]
[BlackElo "2055"]
[PlyCount "74"]
[EventDate "2008.10.18"]
[EventType "team-swiss"]
[EventRounds "11"]
[EventCountry "ENG"]
[SourceTitle "EXT 2010"]
[Source "ChessBase"]
[SourceDate "2010.11.25"]
[SourceVersion "1"]
[SourceVersionDate "2010.11.25"]
[SourceQuality "1"]
[WhiteTeam "Nottinghamshire"]
[BlackTeam "Gloucestershire Gambits"]
[WhiteTeamCountry "ENG"]
[BlackTeamCountry "ENG"]

1. d4 Nf6 2. c4 e6 3. Nc3 Bb4 4. Qc2 c5 5. e3 Nc6 6. Nf3 d5 7. cxd5 exd5 8. Be2 0-0 9. 0-0 Re8 10. dxc5 Bxc5 11. Rd1 Nb4 12. Qd2 Be6 13. a3 Nc6 14. b4 Bb6 15. Bb2 Rc8 16. Na4 Bc7 17. Nc5 b6 18. Na6 Bd6 19. Bb5 Rf8 20. Rac1 Ne7 21. Bxf6 gxf6 22. Qb2 Kg7 23. Nd4 Rg8 24. Nc6 Nxc6 25. Bxc6 Be5 26. Qd2 Bxh2+ 27. Kh1 Qd6 28. b5 Qe5 29. Qe2 Kh8 30. Rd4 Qg5 31. g4 Be5 32. f4 Qh4+ 33. Qh2 Qxh2+ 34. Kxh2 Bxd4 35. exd4 Rxg4 36. f5 Rcg8 37. Rc3 Rg2+ 0-1